00427nam a22001217a 4500008004100000020001500041082001500056100003800071245003700109260004700146300003700193650007500230181010b xxu||||| |||| 00| 0 eng d a9968899143 a708bES82e aDíaz Bringas, Tamara (curadora) aestrategias para un juego, aún aSan José, Costa RicabTEOR/éTicac2004 a4 p.bill (col).c20.5 x 21.5 cm 2Arte contemporáneovArtistasxArte - exhibicioneszArte - Costa Rica